Plan de manejo y ordenamiento ambiental del complejo cenagoso del bajo Sinú (Registro nro. 6939)

Detalles MARC
000 -CABECERA
Campo de control 00848nam a2200241 i 4500
005 - FECHA Y HORA DE LA ULTIMA TRANSACCION
Campo de control 20180803165418.0
008 - ELEMENTOS DE LONGITUD FIJA—INFORMACION GENERAL
Campo de control 160108s2007 ck |||||r|||| 00| 0 spa d
040 ## - FUENTE DE CATALOGACIÓN
Agencia catalogadora original CO-BoIAVH
Agencia transcriptora CO-BoIAVH
041 0# - IDIOMA
Código de idioma para texto/pista de sonido o título separado Español
044 ## - PAÍS DE PUBLICACIÓN
País de publicación Colombia
082 04 - NUMERO DE CLASIFICACION DECIMAL DEWEY
Número de clasificación 333.918
Número del ítem C82p
110 2# - ASIENTO PRINCIPAL--NOMBRE CORPORATIVO
Unidad subordinad Corporación Autónoma Regional de los Valles del Sinú y del San Jorge, CVS
9 (RLIN) 48373
245 ## - MENCION DE TITULO
Título Plan de manejo y ordenamiento ambiental del complejo cenagoso del bajo Sinú
260 ## - PUBLICACION, DISTRIBUCION, ETC. (PIE DE IMPRENTA)
Lugar de publicación, distribución, etc. Medellin :
Nombre del editor, distribuidor, etc. CVS,
Fecha de publicación, distribución, etc. 2007
300 ## - DESCRIPCION FISICA
Extensión 232 páginas ;
Dimensiones 27 cm.
650 14 - ASIENTO SECUNDARIO DE MATERIA - TERMINO TEMATICO
Término temático o nombre geográfico como elemento de entrada Gestión ambiental
Subdivisión geográfica Sinú (Colombia)
9 (RLIN) 48374
650 ## - ASIENTO SECUNDARIO DE MATERIA - TERMINO TEMATICO
Término temático o nombre geográfico como elemento de entrada Ordenamiento ambiental
9 (RLIN) 48384
650 24 - ASIENTO SECUNDARIO DE MATERIA - TERMINO TEMATICO
Término temático o nombre geográfico como elemento de entrada Humedales
Subdivisión geográfica Sinú (Colombia)
9 (RLIN) 48387
650 ## - ASIENTO SECUNDARIO DE MATERIA - TERMINO TEMATICO
Término temático o nombre geográfico como elemento de entrada Ecosistemas
9 (RLIN) 92256
650 ## - ASIENTO SECUNDARIO DE MATERIA - TERMINO TEMATICO
Término temático o nombre geográfico como elemento de entrada Gestión ambiental
9 (RLIN) 92206
710 2# - ASIENTO SECUNDARIO - NOMBRE CORPORATIVO
Nombre corporativo o de jurisdicción como elemento de entrada Universidad Nacional de Colombia. Sede Medellín
9 (RLIN) 48390
942 ## - ELEMENTOS ADICIONALES (KOHA)
Tipo de ítem Libro
Sistema de clasificación Dewey Decimal Classification
Existencias
Withdrawn status Lost status Sistema de Clasificación Damaged status No para préstamo Colección Inventariado Ubicación Permanente Ubicación actual Fecha de adquisición Fuente de Valor Valor Total Checkouts Número topográfico Inventario / Código de Barras Date last seen Ejemplar Price effective from Forma de adquisición Tipo de material
    Dewey Decimal Classification     General Inventariado 2017 Bogotá Bogotá   Instituto 39000.00   LB-333.918 C82p 027141 04/12/2012 Ej.1 04/12/2012   Libro